[Event "Online Olym Div2 D 2021"]
[Site "chess.com INT"]
[Date "2021.09.04"]
[Round "8.4"]
[Board "4"]
[White "Fernandez, Maria Florencia"]
[Black "Pires, Luzia"]
[Result "1-0"]
[WhiteTitle "WIM"]
[BlackTitle "WFM"]
[WhiteElo "2229"]
[BlackElo "1768"]
[WhiteTeam "Argentina"]
[BlackTeam "Angola"]
[WhiteFideId "116459"]
[BlackFideId "10101012"]
[EventDate "2021.09.02"]
[EventType "team"]

1. d4 e6 2. c4 d5 3. Nc3 Nf6 4. cxd5 exd5 5. Bg5 Be7 6. e3 c6 7. Bd3 h6 8. Bh4
O-O 9. Nge2 Ne4 10. Bxe7 Qxe7 11. Qc2 f5 12. O-O Nd7 13. Rae1 Ndf6 14. f3 Nd6
15. Ng3 Qd7 16. Rd1 Qe8 17. Rfe1 Qg6 18. Nce2 Nh5 19. Nxh5 Qxh5 20. Nf4 Qg5 21.
Bf1 Bd7 22. b3 Rae8 23. Qc5 Qf6 24. Nd3 a6 25. Ne5 Bc8 26. a4 Nf7 27. Nd3 Qg5
28. Qc1 Qf6 29. b4 Nd6 30. Ne5 Nf7 31. f4 Nd6 32. b5 axb5 33. axb5 Nxb5 34. Bxb5
cxb5 35. Qc5 g5 36. Qxd5+ Kh7 37. Qxb5 gxf4 38. exf4 Re7 39. d5 Rg7 40. d6 Rd8
41. d7 Rdg8 42. Re2 Bxd7 43. Rxd7 Rxd7 44. Qxd7+ Rg7 45. Qb5 Qh4 46. Nd3 Qg4 47.
Qe5 Qg6 48. Ne1 Qg4 49. Nc2 Qg6 50. Nd4 Qb6 51. Qxf5+ Kg8 52. Re8# 1-0

[Event "Online Olym Div2 D 2021"]
[Site "chess.com INT"]
[Date "2021.09.04"]
[Round "8.4"]
[Board "5"]
[White "Junior, Domingos"]
[Black "Coro, Lucas"]
[Result "1-0"]
[WhiteTitle "FM"]
[BlackTitle "IM"]
[WhiteElo "2118"]
[BlackElo "2352"]
[WhiteTeam "Angola"]
[BlackTeam "Argentina"]
[WhiteFideId "10105972"]
[BlackFideId "147222"]
[EventDate "2021.09.02"]
[EventType "team"]

1. e4 c5 2. Nf3 d6 3. d4 cxd4 4. Nxd4 Nf6 5. Nc3 a6 6. Be2 e5 7. Nb3 Be7 8. Be3
Be6 9. f3 Nbd7 10. Nd5 Bxd5 11. exd5 b5 12. a4 O-O 13. O-O Nb6 14. axb5 Nbxd5
15. Bf2 axb5 16. Bxb5 Nf4 17. Nd2 Qc7 18. Rxa8 Rxa8 19. Re1 Qb7 20. Bc4 Qxb2 21.
Bb3 d5 22. Qb1 Qc3 23. Nf1 Bc5 24. Ne3 g6 25. Qd1 Kg7 26. Kf1 Bd4 27. g3 Nh3 28.
Nxd5 Qc5 29. Bxd4 exd4 30. Nxf6 d3 31. Kg2 Nf2 32. Qd2 dxc2 33. Qxc2 Qb6 34.
Qxf2 Qxb3 35. Ne4 Ra2 36. Re2 Ra4 37. Nc5 1-0

[Event "Online Olym Div2 D 2021"]
[Site "chess.com INT"]
[Date "2021.09.04"]
[Round "8.4"]
[Board "6"]
[White "Francisco Guecamburu, Candela Be"]
[Black "Antonio, Renelsa Taiane"]
[Result "1-0"]
[WhiteTitle "WFM"]
[WhiteElo "2034"]
[BlackElo "1375"]
[WhiteTeam "Argentina"]
[BlackTeam "Angola"]
[WhiteFideId "160911"]
[BlackFideId "10107860"]
[EventDate "2021.09.02"]
[EventType "team"]

1. e4 e5 2. Nf3 Nc6 3. Bb5 Bc5 4. d3 Nf6 5. O-O d6 6. c3 Bd7 7. h3 O-O 8. Ba4 h6
9. Re1 Bb6 10. Nbd2 Ne7 11. Bxd7 Qxd7 12. Nf1 Ng6 13. Ng3 d5 14. Qc2 dxe4 15.
dxe4 Rad8 16. a4 a6 17. Be3 Bxe3 18. Rxe3 Qc6 19. Nf5 Kh7 20. Kh2 Rd7 21. Rg1
Rfd8 22. g4 Re8 23. g5 Ng8 24. gxh6 Nxh6 25. N3h4 Nxh4 26. Nxh4 g6 27. Reg3 Rg8
28. Nf3 f6 29. h4 Qe6 30. Qe2 Qc6 31. Qc2 b6 32. Rh3 Qe6 33. Ng5+ fxg5 34. hxg5
Kg7 35. gxh6+ Kh7 36. Qe2 Rf7 37. Rgg3 Rgf8 38. f3 Rf4 39. Qxa6 Qf7 40. Qb7 Qd7
41. Qa6 Qd2+ 42. Rg2 Qe3 43. Re2 Qc1 44. Qd3 R4f7 45. Qe3 Qxe3 46. Rxe3 Rd7 47.
Rg3 Kxh6 48. Re2 Rf6 49. Rh3+ Kg7 50. Kg2 Rfd6 51. Rh1 Rd2 52. Kf2 Kf6 53. Ra1
Rxe2+ 54. Kxe2 c5 55. b4 cxb4 56. cxb4 Rd4 57. a5 Rxb4 58. a6 Rc4 59. a7 Rc2+
60. Kd3 Rf2 61. a8=Q Rxf3+ 62. Ke2 Rf4 63. Rf1 Rxf1 64. Kxf1 b5 65. Qc6+ Kg5 66.
Qxb5 Kf4 67. Qd5 g5 68. Kg2 g4 69. Qc6 g3 70. Qb7 Kg4 71. Qf7 Kh4 72. Qg8 1-0

[Event "Online Olym Div2 D 2021"]
[Site "chess.com INT"]
[Date "2021.09.04"]
[Round "8.5"]
[Board "1"]
[White "Ynojosa Aponte, Felix Jose"]
[Black "Ibarra Chami, Luis Fernando"]
[Result "1-0"]
[WhiteTitle "IM"]
[BlackTitle "GM"]
[WhiteElo "2393"]
[BlackElo "2451"]
[WhiteTeam "Venezuela"]
[BlackTeam "Mexico"]
[WhiteFideId "3900258"]
[BlackFideId "5105048"]
[EventDate "2021.09.02"]
[EventType "team"]

1. e4 c5 2. c3 Nf6 3. e5 Nd5 4. d4 cxd4 5. cxd4 d6 6. f4 Nc6 7. Nc3 dxe5 8. fxe5
Qa5 9. Nf3 Bg4 10. Qb3 Bxf3 11. Qxb7 Nc7 12. Bb5 Qb6 13. Qxb6 axb6 14. gxf3 Nxb5
15. Nxb5 O-O-O 16. Be3 e6 17. Ke2 Rd5 18. a4 Bb4 19. Rac1 Kb7 20. Rc4 Be7 21.
Rhc1 Rc8 22. f4 Rd7 23. Kf3 f6 24. b3 f5 25. h4 g6 26. h5 gxh5 27. Rg1 Na5 28.
Rxc8 Kxc8 29. Rg8+ Kb7 30. Rg7 Nxb3 31. Rxh7 h4 32. Rh6 Ka6 33. Rxe6 Ka5 34. Nd6
Bxd6 35. Rxd6 Rh7 36. Kg2 Rg7+ 37. Kf2 Rh7 38. e6 h3 39. Kg1 h2+ 40. Kh1 Rh3 41.
Rd5+ Kxa4 42. e7 Rxe3 43. Re5 1-0

[Event "Online Olym Div2 D 2021"]
[Site "chess.com INT"]
[Date "2021.09.04"]
[Round "8.5"]
[Board "2"]
[White "Garcia Guerrero, Isaac Antonio"]
[Black "Vivas Zamora, Fabian Ernesto"]
[Result "1-0"]
[WhiteTitle "FM"]
[BlackTitle "FM"]
[WhiteElo "2368"]
[BlackElo "2344"]
[WhiteTeam "Mexico"]
[BlackTeam "Venezuela"]
[WhiteFideId "5110475"]
[BlackFideId "3902480"]
[EventDate "2021.09.02"]
[EventType "team"]

1. Nf3 Nf6 2. c4 c5 3. Nc3 d5 4. cxd5 Nxd5 5. g3 Nc6 6. Bg2 Nc7 7. O-O e5 8. d3
Be7 9. Be3 Be6 10. Rc1 Rb8 11. Nd2 Qd7 12. Nc4 Nd5 13. Nxd5 Bxd5 14. f4 Bxg2 15.
Kxg2 exf4 16. Bxf4 Rd8 17. Qe1 O-O 18. Qf2 Qd5+ 19. Qf3 Qxf3+ 20. Kxf3 Bf6 21.
Rfd1 Rfe8 22. e4 g5 23. Be3 b5 24. Na3 Bxb2 25. Rxc5 Ne5+ 26. Ke2 Bxa3 27. Rxb5
f6 28. Bxa7 Ra8 29. Bd4 Bf8 30. Rd2 Ra4 31. Bc3 Kf7 32. Rdb2 Nc6 33. Rd5 Rea8
34. Rb7+ Kg6 35. Rf5 Rxa2+ 36. Kf3 Bg7 37. Rc7 R8a6 38. h4 R2a3 39. Rxg5+ fxg5
40. Rxg7+ Kh6 41. hxg5+ Kh5 42. g4+ Kh4 43. Be1+ Kh3 44. Rxh7# 1-0

[Event "Online Olym Div2 D 2021"]
[Site "chess.com INT"]
[Date "2021.09.04"]
[Round "8.5"]
[Board "3"]
[White "Varela La Madrid, Tilsia Carolina"]
[Black "Corrales Jimenez, Zenia"]
[Result "1/2-1/2"]
[WhiteTitle "WIM"]
[BlackTitle "WIM"]
[WhiteElo "2087"]
[BlackElo "2198"]
[WhiteTeam "Venezuela"]
[BlackTeam "Mexico"]
[WhiteFideId "3903001"]
[BlackFideId "3506355"]
[EventDate "2021.09.02"]
[EventType "team"]

1. e4 c5 2. c3 d6 3. d4 Nf6 4. Bd3 g6 5. Nf3 Bg7 6. O-O O-O 7. h3 Qc7 8. Be3 b6
9. a4 Bb7 10. Nbd2 a6 11. Qb3 Nbd7 12. Nh2 d5 13. dxc5 Nxc5 14. Bxc5 bxc5 15.
exd5 Bxd5 16. Bc4 e6 17. Nhf3 Rab8 18. Qc2 Bxc4 19. Nxc4 Nd5 20. Qe4 Qf4 21.
Qxf4 Nxf4 22. Rfd1 Rfd8 23. Ne1 Rd5 24. Rdb1 h5 25. h4 Bf6 26. g3 Nd3 27. Nxd3
Rxd3 28. Rd1 Rbd8 29. Rxd3 Rxd3 30. Kf1 g5 31. hxg5 Bxg5 32. Ke2 Rd5 33. Rd1
Rxd1 34. Kxd1 h4 35. gxh4 Bxh4 36. f3 Kf8 37. b4 cxb4 38. cxb4 Ke7 39. Kc2 Bg3
40. Kd3 Kd7 41. Ne3 Kc6 42. Kc4 f5 43. b5+ axb5+ 44. axb5+ Kb6 45. Nc2 Bf2 46.
Nb4 e5 47. Nd5+ Ka7 48. Ne7 e4 49. fxe4 fxe4 50. Nd5 Kb7 51. Nc3 e3 52. Kd3 Kb6
53. Nd1 Kxb5 54. Nxe3 1/2-1/2

[Event "Online Olym Div2 D 2021"]
[Site "chess.com INT"]
[Date "2021.09.04"]
[Round "8.5"]
[Board "4"]
[White "Guerrero Rodriguez, Alejandra"]
[Black "Gutierrez Salazar, Leonela"]
[Result "0-1"]
[WhiteTitle "WIM"]
[BlackTitle "WFM"]
[WhiteElo "2019"]
[BlackElo "1996"]
[WhiteTeam "Mexico"]
[BlackTeam "Venezuela"]
[WhiteFideId "5104297"]
[BlackFideId "3900401"]
[EventDate "2021.09.02"]
[EventType "team"]

1. e4 c5 2. c3 d5 3. exd5 Qxd5 4. d4 Nc6 5. Nf3 Nf6 6. Be2 e6 7. O-O Be7 8. Be3
O-O 9. dxc5 a5 10. Na3 Qxd1 11. Rfxd1 Nd5 12. Bd4 Nf4 13. Bf1 Ng6 14. Nb5 e5 15.
Be3 Bg4 16. Be2 e4 17. Nfd4 Nxd4 18. Nxd4 Bxe2 19. Nxe2 Ne5 20. Nf4 Rfd8 21. Nd5
Bf8 22. b4 Nd3 23. Rd2 Rxd5 24. Rad1 Rad8 25. a3 R5d7 26. f3 exf3 27. gxf3 Ne5
28. Kf2 Rxd2+ 29. Rxd2 Rxd2+ 30. Bxd2 g6 31. Ke2 Bg7 32. a4 Nc4 33. Be1 Kf8 34.
Bg3 Nb2 35. bxa5 Bxc3 36. Bc7 Nxa4 37. Kd3 Be1 38. Kc4 Ke8 39. Kb5 Kd7 40. Be5
Nc3+ 41. Kb6 Nd5+ 42. Kxb7 Bxa5 43. c6+ Ke6 44. Bg3 f5 45. Bb8 g5 46. Ka6 Bd8
47. Kb7 h5 48. Bg3 f4 49. Bf2 g4 50. fxg4 hxg4 51. Ka6 Ke5 52. Kb5 Ke4 53. Kc5
Bb6+ 54. Kd6 Bxf2 55. c7 Nxc7 56. Kxc7 g3 57. hxg3 fxg3 0-1

[Event "Online Olym Div2 D 2021"]
[Site "chess.com INT"]
[Date "2021.09.04"]
[Round "8.5"]
[Board "5"]
[White "Escalona Landi, Samid Eduardo"]
[Black "Esquivel San Agustin, Dieg"]
[Result "1-0"]
[WhiteTitle "CM"]
[WhiteElo "2122"]
[BlackElo "1902"]
[WhiteTeam "Venezuela"]
[BlackTeam "Mexico"]
[WhiteFideId "3937437"]
[BlackFideId "5124514"]
[EventDate "2021.09.02"]
[EventType "team"]

1. e4 d5 2. Nf3 dxe4 3. Ng5 Nf6 4. Bc4 e6 5. Nc3 Be7 6. Ncxe4 Bd7 7. Nxf6+ Bxf6
8. Ne4 Be7 9. c3 Bc6 10. Qe2 Nd7 11. d4 Nf6 12. Ng5 Bd5 13. Bd3 h6 14. Nf3 Bxf3
15. Qxf3 Qd5 16. Qh3 e5 17. dxe5 Qxe5+ 18. Be3 O-O 19. O-O-O Bc5 20. Rhe1 Bxe3+
21. Qxe3 Qxe3+ 22. Rxe3 Rfe8 23. Rde1 Kf8 24. Rxe8+ Rxe8 25. Rxe8+ Kxe8 26. Kd2
Ke7 27. Bc4 Ng4 28. Ke2 Ne5 29. Bd5 c6 30. Bb3 Nd7 31. f4 g6 32. Ke3 Nc5 33. Bc2
Nd7 34. b4 Kd6 35. Bb3 f6 36. Ke4 Ke7 37. g3 Nb6 38. c4 Nd7 39. c5 a5 40. a3
axb4 41. axb4 b6 42. Kd4 bxc5+ 43. bxc5 Kd8 44. h4 g5 45. h5 Ke7 46. Bc2 Nf8 47.
fxg5 fxg5 48. Be4 Ne6+ 49. Kc4 Kd7 50. Bf5 Ke7 51. Kb4 Nd4 52. Bg4 Kd8 53. Kc4
Nb5 54. Bf3 Kd7 55. Kd3 Nc7 56. Bg4+ Ke7 57. Kc4 Ne6 58. Kb4 Nd4 59. Ka5 Kf6 60.
Kb6 Ke5 61. Bh3 Ne2 62. Kxc6 Nxg3 63. Kd7 Ne4 64. c6 Nf6+ 65. Kd8 Kd6 66. c7 1-0

[Event "Online Olym Div2 D 2021"]
[Site "chess.com INT"]
[Date "2021.09.04"]
[Round "8.5"]
[Board "6"]
[White "Ortega Beltran, Ximena"]
[Black "Matute Escobar, Roxanny"]
[Result "1-0"]
[BlackTitle "WFM"]
[WhiteElo "1724"]
[BlackElo "1899"]
[WhiteTeam "Mexico"]
[BlackTeam "Venezuela"]
[WhiteFideId "5125090"]
[BlackFideId "3926028"]
[EventDate "2021.09.02"]
[EventType "team"]

1. Nf3 Nf6 2. c4 g6 3. g3 Bg7 4. Bg2 O-O 5. O-O c6 6. Nc3 d5 7. b3 dxc4 8. bxc4
Nbd7 9. Bb2 e5 10. d3 Re8 11. Qc2 Qa5 12. Rfd1 Rb8 13. Nd2 Nf8 14. Nce4 Nxe4 15.
Nxe4 Ne6 16. Bc3 Qc7 17. Rab1 Bd7 18. c5 Red8 19. Qa4 f5 20. Nd2 Nxc5 21. Qxa7
Na6 22. Nc4 Be6 23. Ba5 b6 24. Qxc7 Nxc7 25. Bxb6 Bxc4 26. Bxc7 Rxb1 27. Rxb1
Bxa2 28. Rb2 Rc8 29. Bxe5 Bxe5 30. Rxa2 Rc7 31. Rc2 c5 32. Bd5+ Kg7 33. h4 Kf6
34. Kg2 Bd6 35. Ra2 Re7 36. Kf3 Ke5 37. Bc4 h6 38. Ra6 g5 39. hxg5 hxg5 40. e3
Rd7 41. Ke2 Kf6 42. f4 gxf4 43. gxf4 Kg6 44. Kf3 Rd8 45. e4 fxe4+ 46. dxe4 Kg7
47. Rc6 Bf8 48. Bd5 Rd7 49. Kg4 Be7 50. Kf5 Rd6 51. Rc7 Kf8 52. Rc8+ Kg7 53.
Rg8+ Kh7 54. Rc8 Rf6+ 55. Ke5 Rf8 56. Rc7 Re8 57. Bc6 1-0

[Event "Online Olym Div2 D 2021"]
[Site "chess.com INT"]
[Date "2021.09.04"]
[Round "9.1"]
[Board "1"]
[White "Ibarra Chami, Luis Fernando"]
[Black "Karim, Ismael"]
[Result "1-0"]
[WhiteTitle "GM"]
[BlackTitle "IM"]
[WhiteElo "2451"]
[BlackElo "2351"]
[WhiteTeam "Mexico"]
[BlackTeam "Morocco"]
[WhiteFideId "5105048"]
[BlackFideId "625736"]
[EventDate "2021.09.02"]
[EventType "team"]

1. c4 c5 2. Nc3 Nf6 3. e4 Nc6 4. f4 e6 5. Nf3 d5 6. e5 d4 7. exf6 dxc3 8. fxg7
cxd2+ 9. Qxd2 Bxg7 10. Qxd8+ Kxd8 11. Be3 b6 12. O-O-O+ Ke7 13. Bd3 Bb7 14. Be4
Rad8 15. f5 Bf6 16. g4 Rxd1+ 17. Rxd1 Rd8 18. Re1 Na5 19. Bxb7 Nxb7 20. g5 Bd4
21. f6+ Ke8 22. Bxd4 cxd4 23. Re4 Na5 24. b3 Nc6 25. Rh4 e5 26. Nd2 Kd7 27. Rxh7
Ke6 28. h4 d3 29. h5 Nd4 30. Rg7 Ne2+ 31. Kb2 e4 32. Nxe4 d2 33. Nf2 d1=Q 34.
Nxd1 Rxd1 35. g6 Rd2+ 36. Ka3 a5 37. b4 Nc1 38. bxa5 Rxa2+ 39. Kb4 bxa5+ 40. Kb5
fxg6 41. f7 Ke7 42. hxg6 Rb2+ 43. Kxa5 Rb8 44. Rg8 Nb3+ 45. Ka6 Nc5+ 46. Ka7 Rf8
47. Kb6 Nd7+ 48. Kb5 Nf6 49. Rxf8 Kxf8 50. c5 Nd5 51. c6 Kg7 52. Kc5 Ne7 53. c7
Nc8 54. Kc6 1-0

[Event "Online Olym Div2 D 2021"]
[Site "chess.com INT"]
[Date "2021.09.04"]
[Round "9.1"]
[Board "2"]
[White "Ali, Sebbar"]
[Black "Diaz Rosas, Julio Cesar"]
[Result "0-1"]
[WhiteTitle "IM"]
[BlackTitle "FM"]
[WhiteElo "2399"]
[BlackElo "2393"]
[WhiteTeam "Morocco"]
[BlackTeam "Mexico"]
[WhiteFideId "8100977"]
[BlackFideId "5105099"]
[EventDate "2021.09.02"]
[EventType "team"]

1. d4 Nf6 2. Nf3 g6 3. Bg5 Bg7 4. Nbd2 c5 5. e3 O-O 6. c3 b6 7. Bd3 Bb7 8. O-O
d6 9. Qe2 Nbd7 10. a4 a6 11. Rfe1 Ra7 12. e4 e5 13. Nc4 Qc7 14. d5 Raa8 15. Na3
h6 16. Bh4 Nh5 17. Bg3 Kh7 18. Nd2 Nf4 19. Qe3 Nxd3 20. Qxd3 Rae8 21. Nac4 Nf6
22. b4 Nh5 23. bxc5 bxc5 24. Rab1 f5 25. f3 Bc8 26. Rb6 Rf6 27. Reb1 Qe7 28.
exf5 gxf5 29. Bh4 Nf4 30. Qf1 Rd8 31. Ne3 Nh3+ 32. Kh1 Ng5 33. f4 exf4 34. Qxf4
Kg6 35. Nf3 Qe4 36. Bxg5 hxg5 37. Qxg5+ Kf7 38. Rb7+ Rd7 39. Rxd7+ Bxd7 40. Rb7
Qe7 41. Nh4 Bh6 42. Qh5+ Kf8 43. Nhxf5 Qe4 44. Rxd7 Qb1+ 45. Nd1 Qxf5 46. Qxf5
Rxf5 47. Kg1 Rxd5 48. Nb2 Rf5 49. g3 Be3+ 50. Kg2 Rf2+ 51. Kh3 Rxb2 52. Rxd6 a5
53. Ra6 Bg1 54. Rxa5 Rxh2+ 55. Kg4 Rc2 56. Kf5 Rxc3 57. g4 c4 58. Ra8+ Ke7 59.
Rc8 Kd7 60. Rb8 Rb3 61. Rh8 c3 62. Rh7+ Kd6 63. Rh6+ Kd5 64. Rh1 Rb1 0-1

[Event "Online Olym Div2 D 2021"]
[Site "chess.com INT"]
[Date "2021.09.04"]
[Round "9.1"]
[Board "3"]
[White "Guerrero Rodriguez, Alejandra"]
[Black "Mayar ElIdrissi, Firdaous"]
[Result "1-0"]
[WhiteTitle "WIM"]
[WhiteElo "2019"]
[BlackElo "1760"]
[WhiteTeam "Mexico"]
[BlackTeam "Morocco"]
[WhiteFideId "5104297"]
[BlackFideId "9001727"]
[EventDate "2021.09.02"]
[EventType "team"]

1. e4 c6 2. d4 d5 3. exd5 cxd5 4. c4 Nf6 5. Nf3 e6 6. Nc3 Be7 7. Bd3 dxc4 8.
Bxc4 O-O 9. O-O Qc7 10. Bb3 a6 11. a3 Nc6 12. Bg5 Rd8 13. Rc1 b5 14. Qd3 Bb7 15.
Bc2 g6 16. Rfd1 Na5 17. Bb1 Qb6 18. Ba2 Rac8 19. Ne5 Qd6 20. Qe3 Nd5 21. Bxd5
Bxd5 22. Nxd5 Bxg5 23. Qxg5 exd5 24. Ng4 1-0

[Event "Online Olym Div2 D 2021"]
[Site "chess.com INT"]
[Date "2021.09.04"]
[Round "9.1"]
[Board "4"]
[White "Zahid, Wassima"]
[Black "Rosas Rodriguez, Carmen Melissa"]
[Result "1/2-1/2"]
[BlackTitle "WFM"]
[WhiteElo "1531"]
[BlackElo "1881"]
[WhiteTeam "Morocco"]
[BlackTeam "Mexico"]
[WhiteFideId "9002677"]
[BlackFideId "5111005"]
[EventDate "2021.09.02"]
[EventType "team"]

1. e4 e5 2. Nf3 Nc6 3. d4 exd4 4. Nxd4 Nf6 5. Nc3 Bb4 6. Nxc6 bxc6 7. Bd3 d6 8.
O-O Bxc3 9. bxc3 h6 10. c4 O-O 11. h3 Rb8 12. Be3 c5 13. Rb1 Bb7 14. Qf3 Qe7 15.
Qg3 Nxe4 16. Bxe4 Qxe4 17. Bxh6 Qg6 18. Qxg6 fxg6 19. Be3 Ba6 20. Rfe1 Bxc4 21.
a3 a6 22. Bd2 Rxb1 23. Rxb1 Bb5 24. Ba5 Rc8 25. Re1 Kf7 26. f4 c6 27. Kf2 Re8
28. Rxe8 Kxe8 29. g4 Kf7 30. h4 Ba4 31. c3 Ke6 32. Ke3 Bd1 33. g5 Bc2 34. Kf3
Kf5 35. Bc7 Ke6 36. Kg4 Bd1+ 37. Kg3 Bc2 38. Ba5 Bf5 39. Bc7 Kd7 40. Bb6 Ke6 41.
Bc7 Kd5 42. Bb6 Ke6 43. Bc7 1/2-1/2

[Event "Online Olym Div2 D 2021"]
[Site "chess.com INT"]
[Date "2021.09.04"]
[Round "9.1"]
[Board "6"]
[White "Makhlouf, Ahlam"]
[Black "Flores Rodriguez, Astrid Aphril"]
[Result "0-1"]
[WhiteTitle "WFM"]
[WhiteElo "1419"]
[BlackElo "1662"]
[WhiteTeam "Morocco"]
[BlackTeam "Mexico"]
[WhiteFideId "9003380"]
[BlackFideId "5134803"]
[EventDate "2021.09.02"]
[EventType "team"]

1. e4 c5 2. Nf3 e6 3. d4 cxd4 4. Nxd4 a6 5. Nc3 Qc7 6. Be3 Nf6 7. Bd3 Bb4 8. Qd2
d5 9. exd5 Nxd5 10. Nde2 Nxe3 11. fxe3 Nd7 12. O-O Nf6 13. Nf4 O-O 14. Ncd5 Bxd2
15. Nxc7 Bxe3+ 16. Kh1 Rb8 17. Rf3 Bb6 18. Nb5 axb5 19. Bxb5 Bd7 20. Bxd7 Nxd7
21. b4 Nf6 22. c4 Bc7 23. a4 Rfd8 24. Rc1 Bxf4 25. Rxf4 Rd2 26. b5 Rbd8 27. h3
Rd1+ 28. Rf1 Rxf1+ 29. Rxf1 Ne4 30. Rc1 Nc5 31. a5 Ra8 32. a6 bxa6 33. b6 Rb8
34. Rd1 Kf8 35. Rd6 Ke7 36. Rc6 Nd7 37. c5 Nxc5 38. Rxc5 Rxb6 39. Ra5 f6 40. Kg1
e5 41. Kf2 Ke6 42. g4 g6 43. h4 f5 44. g5 f4 45. Kf3 Kf5 46. Rc5 Rb5 47. Rc6 e4+
48. Kf2 Rb2+ 49. Kf1 Kg4 0-1

[Event "Online Olym Div2 D 2021"]
[Site "chess.com INT"]
[Date "2021.09.04"]
[Round "9.2"]
[Board "1"]
[White "Flores, Diego"]
[Black "Ynojosa Aponte, Felix Jose"]
[Result "1-0"]
[WhiteTitle "GM"]
[BlackTitle "IM"]
[WhiteElo "2599"]
[BlackElo "2393"]
[WhiteTeam "Argentina"]
[BlackTeam "Venezuela"]
[WhiteFideId "108049"]
[BlackFideId "3900258"]
[EventDate "2021.09.02"]
[EventType "team"]

1. c4 c5 2. Nc3 Nc6 3. g3 Nf6 4. Bg2 d6 5. Nf3 e5 6. a3 Be7 7. d3 h6 8. Rb1 a5
9. O-O O-O 10. Nd2 Bg4 11. Nde4 Qd7 12. Nxf6+ Bxf6 13. Nd5 Bd8 14. b4 Nd4 15. f3
Bh5 16. bxc5 dxc5 17. e3 Nc6 18. Qb3 Ra7 19. Rf2 Ne7 20. e4 Nxd5 21. cxd5 Qd6
22. Be3 a4 23. Qb2 f6 24. f4 b6 25. Rbf1 exf4 26. gxf4 Bg4 27. e5 Qd7 28. e6 Qd6
29. f5 Be7 30. Be4 Rc8 31. Rc1 Rac7 32. Bf4 Qd8 33. Qxb6 1-0

[Event "Online Olym Div2 D 2021"]
[Site "chess.com INT"]
[Date "2021.09.04"]
[Round "9.2"]
[Board "2"]
[White "Vivas Zamora, Fabian Ernesto"]
[Black "Felgaer, Ruben"]
[Result "0-1"]
[WhiteTitle "FM"]
[BlackTitle "GM"]
[WhiteElo "2344"]
[BlackElo "2572"]
[WhiteTeam "Venezuela"]
[BlackTeam "Argentina"]
[WhiteFideId "3902480"]
[BlackFideId "107069"]
[EventDate "2021.09.02"]
[EventType "team"]

1. c4 c5 2. Nf3 g6 3. d4 cxd4 4. Nxd4 Bg7 5. Nc2 Nc6 6. e4 d6 7. Be2 Nf6 8. Nc3
Nd7 9. Bd2 O-O 10. O-O a5 11. Na3 Nc5 12. Nab5 a4 13. Be3 Qa5 14. Qd2 Be6 15.
Bh6 Qb4 16. Bxg7 Kxg7 17. f4 f6 18. Rf3 Bxc4 19. a3 Nb3 20. Qe3 Qc5 21. Qxc5
dxc5 22. Bxc4 Nxa1 23. Nc7 Nd4 24. Rf1 Nab3 25. Nxa8 Rxa8 26. Rd1 Ra5 27. Kf2 b5
28. Bxb3 axb3 29. Nd5 e6 30. Ne3 Ra7 31. Rc1 Rc7 32. e5 fxe5 33. fxe5 c4 0-1

[Event "Online Olym Div2 D 2021"]
[Site "chess.com INT"]
[Date "2021.09.04"]
[Round "9.2"]
[Board "3"]
[White "Fernandez, Maria Florencia"]
[Black "Varela La Madrid, Tilsia Carolina"]
[Result "1-0"]
[WhiteTitle "WIM"]
[BlackTitle "WIM"]
[WhiteElo "2229"]
[BlackElo "2087"]
[WhiteTeam "Argentina"]
[BlackTeam "Venezuela"]
[WhiteFideId "116459"]
[BlackFideId "3903001"]
[EventDate "2021.09.02"]
[EventType "team"]

1. d4 d5 2. c4 e6 3. Nc3 Nf6 4. cxd5 exd5 5. Bg5 Be7 6. e3 c6 7. Bd3 Qb6 8. Qc2
h6 9. Bh4 Nbd7 10. Nge2 Nf8 11. O-O-O Be6 12. f3 O-O-O 13. Kb1 Kb8 14. Rc1 Ka8
15. Na4 Qa5 16. Be1 Qc7 17. Qb3 N8d7 18. Bb4 Bxb4 19. Qxb4 Nb6 20. Nc5 Nfd7 21.
Nxe6 fxe6 22. Nc3 Nc8 23. Na4 e5 24. Rc2 exd4 25. exd4 Ndb6 26. Nc5 Nd6 27. Ne6
Qe7 28. Nxd8 Rxd8 29. Re2 Qf6 30. b3 Nf5 31. Bxf5 Qxf5+ 32. Kb2 c5 33. dxc5 Qf6+
34. Ka3 Nd7 35. Rhe1 Qa6+ 36. Qa4 Qxa4+ 37. bxa4 Nxc5 38. Re8 Rb8 39. R1e7 d4
40. Kb4 b6 41. Kc4 d3 42. Kc3 Rxe8 43. Rxe8+ Kb7 44. Re7+ Kc6 45. Rxa7 g5 46.
Rh7 Nxa4+ 47. Kxd3 Nc5+ 48. Kc2 Kd5 49. Rxh6 b5 50. Rh5 Ne6 51. h4 Kc4 52. hxg5
Nd4+ 53. Kb2 Nf5 54. g6 Ne3 55. g7 b4 56. g8=Q+ Kd3 57. Qb3+ Ke2 58. Re5 Kf2 59.
Qxe3+ Kf1 60. Qd2 b3 61. Re1# 1-0

[Event "Online Olym Div2 D 2021"]
[Site "chess.com INT"]
[Date "2021.09.04"]
[Round "9.2"]
[Board "4"]
[White "Gutierrez Salazar, Leonela"]
[Black "Besso, Guadalupe"]
[Result "1/2-1/2"]
[WhiteTitle "WFM"]
[BlackTitle "WIM"]
[WhiteElo "1996"]
[BlackElo "2111"]
[WhiteTeam "Venezuela"]
[BlackTeam "Argentina"]
[WhiteFideId "3900401"]
[BlackFideId "123161"]
[EventDate "2021.09.02"]
[EventType "team"]

1. e4 c5 2. Nf3 d6 3. d4 cxd4 4. Nxd4 Nf6 5. Nc3 g6 6. Be2 Bg7 7. O-O O-O 8. Kh1
Nc6 9. Be3 Nxd4 10. Bxd4 Be6 11. f4 Rc8 12. Bf3 Bc4 13. Re1 b5 14. b3 b4 15.
bxc4 bxc3 16. Qd3 Qc7 17. Be2 Qc6 18. Bf1 e5 19. fxe5 dxe5 20. Bxa7 Ng4 21. h3
Nf6 22. Bg1 Rfd8 23. Qxc3 Nxe4 24. Qe3 Nc5 25. Rad1 Ne6 26. c5 Nf4 27. Kh2 Bf6
28. Qf3 Qa4 29. Be3 Qxc2 30. Rxd8+ Rxd8 31. c6 Kg7 32. a3 Rc8 33. Bb5 Qc3 34.
Rc1 Qa5 35. a4 Qc7 36. Qe4 Bg5 37. Rd1 Qe7 38. Rd7 Qa3 39. Bg1 Bf6 40. Qc4 Rf8
41. c7 Qb2 42. Qe4 Bg5 43. Ba6 Kg8 44. Bc4 Kg7 45. Bxf7 Kh6 46. Be6 Nh5 47. Rd3
Bf4+ 48. Kh1 Qc1 49. c8=Q Rxc8 50. Bxc8 Qxc8 51. Qf3 Ng3+ 52. Kh2 Ne4+ 53. Kh1
Ng3+ 54. Kh2 Ne4+ 55. Kh1 Ng3+ 1/2-1/2